Interaktívna publikácia o bývaní v Európe
Prezentácia interaktívnej publikácie od Eurostatu - Housing in Europe – 2023 interactive publication. Publikácia má tri sekcie:1. Ako žijeme, 2. Náklady na bývanie a 3. Výstavba. Aktuálna interaktívna publikácia je obsahovo v súlade s jej predchádzajúcimi edíciami, počínajúc rokom 2020.Posledná edíc...
Salvato in:
| Autore principale: | |
|---|---|
| Natura: | Capitolo di libro |
| Lingua: | slovacco |
| Soggetti: | |
| Tags: |
Nessun Tag, puoi essere il primo ad aggiungerne!!
|
MARC
| LEADER | 00000naa a2200000 4500 | ||
|---|---|---|---|
| 001 | 0303154 | ||
| 005 | 20240723125628.5 | ||
| 041 | 0 | |a slo | |
| 044 | |a SK | ||
| 245 | 1 | 0 | |a Interaktívna publikácia o bývaní v Európe |c Mikuláš Cár |
| 520 | |a Prezentácia interaktívnej publikácie od Eurostatu - Housing in Europe – 2023 interactive publication. Publikácia má tri sekcie:1. Ako žijeme, 2. Náklady na bývanie a 3. Výstavba. Aktuálna interaktívna publikácia je obsahovo v súlade s jej predchádzajúcimi edíciami, počínajúc rokom 2020.Posledná edícia umožňuje kontinuálne prezeranie grafov a komentárov od začiatku do konca celej publikácie. | ||
| 610 | 2 | 0 | |a bývanie |
| 610 | 2 | 0 | |a kvalita života |
| 610 | 2 | 0 | |a náklady |
| 610 | 2 | 0 | |a Európa |
| 100 | 1 | |a Cár, Mikuláš | |